| 000 | 00485nam a2200181Ia 4500 | ||
|---|---|---|---|
| 001 | 20121 | ||
| 005 | 20260306172743.0 | ||
| 008 | 260306t2004||||xx |||||||||||||| ||spa|| | ||
| 041 | _aESP | ||
| 082 |
_a342.51 _bG23 |
||
| 100 |
_aGarcía Calderón Moreyra, Gonzalo _eAUT |
||
| 245 | 0 |
_aEl arbitraje internacional: _bprocedimiento de solución de controversias |
|
| 260 | _c2004 | ||
| 300 |
_a266 páginas : _c23 cm. |
||
| 650 | _aGEN | ||
| 654 | _aCDE | ||
| 942 |
_cLIB _dJUS _fJUS _2ddc _n |
||
| 999 |
_c20121 _d20121 |
||